Applications of Density Functional Theory to Chemical Reactivity

Mihai V. Putz  Density Functional Theory of Bose-Einstein Condensation: Road to Chemical Bonding Quantum Condensate Roman F. Nalewajski  Information Theory Insights into Molecular Electronic Structure and Reactivity George Maroulis         Applying Conventional Ab Initio and Density Functional Theor...

Full description

Bibliographic Details
Corporate Author: SpringerLink (Online service)
Other Authors: Putz, Mihai V. (Editor), Mingos, D. Michael P. (Editor)
Format: Electronic eBook
Language:English
Published: Berlin, Heidelberg : Springer Berlin Heidelberg : Imprint: Springer, 2012.
Series:Structure and Bonding, 149
Subjects:
Online Access:Full Text via HEAL-Link
LEADER 02141nam a22004335i 4500
001 978-3-642-32753-7
003 DE-He213
005 20151125201011.0
007 cr nn 008mamaa
008 130125s2012 gw | s |||| 0|eng d
020 |a 9783642327537  |9 978-3-642-32753-7 
024 7 |a 10.1007/978-3-642-32753-7  |2 doi 
040 |d GrThAP 
050 4 |a QD146-197 
072 7 |a PNK  |2 bicssc 
072 7 |a SCI013030  |2 bisacsh 
082 0 4 |a 546  |2 23 
245 1 0 |a Applications of Density Functional Theory to Chemical Reactivity  |h [electronic resource] /  |c edited by Mihai V. Putz, D. Michael P. Mingos. 
264 1 |a Berlin, Heidelberg :  |b Springer Berlin Heidelberg :  |b Imprint: Springer,  |c 2012. 
300 |a IX, 189 p.  |b online resource. 
336 |a text  |b txt  |2 rdacontent 
337 |a computer  |b c  |2 rdamedia 
338 |a online resource  |b cr  |2 rdacarrier 
347 |a text file  |b PDF  |2 rda 
490 1 |a Structure and Bonding,  |x 0081-5993 ;  |v 149 
520 |a Mihai V. Putz  Density Functional Theory of Bose-Einstein Condensation: Road to Chemical Bonding Quantum Condensate Roman F. Nalewajski  Information Theory Insights into Molecular Electronic Structure and Reactivity George Maroulis         Applying Conventional Ab Initio and Density Functional Theory Approaches to Electric Property Calculations. Quantitative Aspects and Perspectives. Sourav Pal Descriptors as Probes for Inter-Molecular Interactions and External Perturbation Abhijit Chatterjee       Application of Reactivity Indices within Density Functional Theory to Rationale Chemical Interactions. 
650 0 |a Chemistry. 
650 0 |a Inorganic chemistry. 
650 1 4 |a Chemistry. 
650 2 4 |a Inorganic Chemistry. 
700 1 |a Putz, Mihai V.  |e editor. 
700 1 |a Mingos, D. Michael P.  |e editor. 
710 2 |a SpringerLink (Online service) 
773 0 |t Springer eBooks 
776 0 8 |i Printed edition:  |z 9783642327520 
830 0 |a Structure and Bonding,  |x 0081-5993 ;  |v 149 
856 4 0 |u http://dx.doi.org/10.1007/978-3-642-32753-7  |z Full Text via HEAL-Link 
912 |a ZDB-2-CMS 
950 |a Chemistry and Materials Science (Springer-11644)